| 000 | 00518nam a22001817a 4500 | ||
|---|---|---|---|
| 005 | 20160801110704.0 | ||
| 010 | _aENG-115592 | ||
| 020 |
_a9788173819889 _c125.00 |
||
| 035 | _aEN-99124 | ||
| 037 | _bDBAD/PUB | ||
| 082 | _a483 | ||
| 100 | _aDas,P.C. | ||
| 245 |
_aAmerican and British idioms / _cby P.C. Dass |
||
| 260 |
_aNew Delhi _bNew Central Book Agency _c2016 |
||
| 270 |
_a8/1,Chintamoni Das Lane _bKolkata _e700009 |
||
| 300 |
_aviii,166p. _c24cm(pbk) |
||
| 942 |
_2ddc _cEN _mDAS _h483.1 |
||
| 999 |
_c101658 _d101658 |
||